000 00655nam a22001697a 4500
003 OSt
005 20171010095439.0
008 120606t xxu||||| |||| 00| 0 eng d
040 _aMMSU
_cULS
100 _aBallesteros, Melanie Cecilia M., Ibe, Tiffany Rose I.
_910006
245 _aA LAN-based accounting system for the Ilocos Norte Water District (INWD)
_cMelanie Cecilia M. Ballesteros, Tiffany Rose I. Ibe
260 _c2007
300 _axvii, [166] leaves
_c28 cm.
500 _aThesis (BS Computer Sciences) -- Mariano Marcos State University-College of Arts and Sciences, Batac City
504 _aBibliography: leaf 80
942 _2ddc
_cTHEDIS
999 _c9533
_d9533